La bella durmiente / (Registro nro. 12029)

Detalles MARC
000 -LIDER
fixed length control field 00932nam a2200289 4500
001 - NÚMERO DE CONTROL
Identificador de número de control 01477
003 - IDENTIFICACDOR DE NÚMERO DE CONTROL
control field DO-SdBNP
005 - DATE AND TIME OF LATEST TRANSACTION
control field 20240805122426.0
007 - CAMPOS FIJOS DE DESCRIPCIÓN FÍSICA
fixed length control field 01477
008 - ELEMENTOS DE LONGITUD FIJA
fixed length control field 161122b 2005 sp 00| 0 spa d
020 ## - ISBN
International Standard Book Number 8496412555
040 ## - FUENTE DE CATALOGACIÓN
Agencia que crea de manera original el registro BPMSU
Idioma de catalogación spa
Agencia que realiza la transcripción BPMSU
082 ## - NÚMERO DE CLASIFICACIÓN DECIMAL DE DEWEY
Classification number 843.47
Item number P454b 2005
Edition number 22
100 1# - ASIENTO PRINCIPAL -- NOMBRE PERSONAL
Nombre personal Perrault, Charles,
Fechas asociadas con el nombre 1628-1703
9 (RLIN) 68
245 13 - MENCIÓN DE TITULO
Título La bella durmiente /
Mención de responsabilidad Charles Perrault ; ilustraciones Sergio Kern
246 14 - VARIACION DEL TÍTULO
Título propiamente dicho o título corto La bella durmiente :
Subtítulo para leer, jugar y aprender
260 ## - PUBLICACIÓN, DISTRIBUCIÓN, ETC. (PIE DE IMPRENTA)
Lugar de publicación, distribución, etc Barcelona :
Nombre del editor, distribuidor, etc. Editorial Sol,
Fecha de publicación, distribución, etc 2005
300 ## - DESCRIPCIÓN FÍSICA
Extensión 44 p. :
Otros detalles físicos ils. ;
Dimensiones 20 cm.
490 0# - MENCIÓN DE SERIES
Mención de serie Cuentos infantiles,
Volume/sequential designation 1
534 ## - NOTA SOBRE LA VERSIÓN ORIGINAL
Frase introductoria Tìtulo original :
Mención del título original La belle au bois durmant.
590 ## - NOTA LOCAL
Texto de la nota local Inventariado, 2024/VM
650 #4 - ENCABEZAMIENTO DE MATERIA--TEMÁTICO
Término temático o nombre geográfico como elemento de entrada Cuentos infantiles franceses
650 #4 - ENCABEZAMIENTO DE MATERIA--TEMÁTICO
Término temático o nombre geográfico como elemento de entrada Literatura infantil francesa
700 1# - ASIENTO SECUNDARIO -- NOMBRE PERSONAL
Nombre personal Ekern, Sergio
Mención de responsabilidad ilustración
910 ## - VALIDACIÓN
Validación VMateo V. Control de calidad. BPMSU
942 ## - ADDED ENTRY ELEMENTS (KOHA)
Source of classification or shelving scheme Dewey Decimal Classification
Koha item type Libros
Existencias
Withdrawn status Lost status Source of classification or shelving scheme Damaged status Not for loan Collection code Home library Current library Date acquired Source of acquisition Total Checkouts Full call number Barcode Date last seen Price effective from Koha item type Copy number
    Dewey Decimal Classification     Colección Infantil General Biblioteca Pública Metropolitana Salomé Ureña Biblioteca Pública Metropolitana Salomé Ureña 11/22/2016   BPMSU CGI 843.47 P454b 2005 BPMSU16111476 11/22/2016 11/22/2016 Libros  
    Dewey Decimal Classification     Colección Infantil General Biblioteca Pública Metropolitana Salomé Ureña Biblioteca Pública Metropolitana Salomé Ureña 12/01/2016 FUNDI   BPMSU CGI 843.47 P454b 2005 BPMSU16120009 12/01/2016 12/01/2016 Libros e.2